000 00720nam a2200265 a 4500
003 AR-BaBNM
005 20251128203912.0
008 082120s2002 ||||||||||||||000 | spa||
040 _cAR-BaBNM
100 1 _aRey, María Inés
245 0 0 _aDidáctica aplicada
260 _aBuenos Aires
_bLasserre
_c[ca. 1938]
300 _axii, 267 p.
_bgráfs.
504 _aBibliografía p. vii-viii
650 4 _aDIDACTICA
650 4 _aENSEÑANZA DE LA CIENCIA
650 4 _aENSEÑANZA DE LA HISTORIA
650 4 _aENSEÑANZA DE LA GEOGRAFIA
650 4 _aEDUCACION CIVICA
650 4 _aEDUCACION MORAL
650 4 _aEDUCACION ESTETICA
650 4 _aORGANIZACION DE LA EDUCACION
942 _cBK
998 _cCarmen
999 _c5402
_d5402